[Event "SRB Central-ch op-A 8th"]
[Site "Paracin"]
[Date "2015.07.04"]
[Round "3"]
[White "Fernandez, Daniel Howard"]
[Black "Tselkovskiy, Kirill"]
[Result "1-0"]
[WhiteElo "2472"]
[BlackElo "2137"]
[PlyCount "93"]
[EventDate "2015.07.03"]
[EventType "swiss"]
[EventRounds "9"]
[EventCountry "SRB"]
[SourceTitle "CBM 167 Extra"]
[Source "ChessBase"]
[SourceDate "2015.09.14"]
[SourceVersion "1"]
[SourceVersionDate "2015.09.14"]
[SourceQuality "1"]

1. Nf3 g6 2. d4 Bg7 3. g3 d6 4. Bg2 Nd7 5. 0-0 e5 6. c4 Ne7 7. Nc3 0-0 8. dxe5 Nxe5 9. Nxe5 dxe5 10. Qxd8 Rxd8 11. Nd5 Nxd5 12. cxd5 Bg4 13. Re1 Bf8 14. Bg5 Re8 15. h3 Bd7 16. Rac1 Bd6 17. e4 Kg7 18. Be3 b6 19. Rc2 f6 20. f3 Kf7 21. Bf1 a5 22. Rec1 Rec8 23. Bd3 h5 24. Kg2 g5 25. Rf1 Rg8 26. Kh2 Ke7 27. a3 a4 28. Rfc1 Rgc8 29. Kg2 Kf7 30. Bd2 Ke7 31. Be2 Ra7 32. Rh1 h4 33. gxh4 gxh4 34. Be1 Rg8+ 35. Kh2 Bc5 36. Bc4 Rh8 37. Rg2 Raa8 38. Rg7+ Kd6 39. f4 Rag8 40. fxe5+ fxe5 41. Rxg8 Rxg8 42. Rf1 b5 43. Ba2 Rg6 44. Bxh4 Rh6 45. Bg5 Rxh3+ 46. Kg2 Bd4 47. Rf7 1-0

[Event "Lazy Baltic Pearl op 09th"]
[Site "Lazy"]
[Date "2013.07.07"]
[Round "8.17"]
[White "Tselkovskiy, Kirill"]
[Black "Krainski, Slawomir"]
[Result "1/2-1/2"]
[WhiteElo "2027"]
[BlackElo "2035"]
[PlyCount "44"]
[EventDate "2013.06.30"]
[EventType "swiss"]
[EventRounds "9"]
[EventCountry "POL"]
[SourceTitle "EXT 2023"]
[Source "ChessBase"]
[SourceDate "2022.10.05"]
[SourceVersion "1"]
[SourceVersionDate "2022.10.05"]
[SourceQuality "1"]

1. e4 e5 2. Nf3 Nc6 3. Bc4 Nf6 4. d3 Be7 5. 0-0 0-0 6. Re1 d6 7. a4 Kh8 8. c3 Ng8 9. d4 f5 10. exf5 d5 11. Ba2 e4 12. Ne5 Bxf5 13. Qb3 Nxe5 14. dxe5 Bc5 15. Be3 Bxe3 16. Rxe3 Ne7 17. Nd2 Bg6 18. Ree1 c6 19. f3 exf3 20. Nxf3 Be4 21. Ng5 Bf5 22. e6 Qb6+ 1/2-1/2

[Event "Lazy Baltic Pearl op 09th"]
[Site "Lazy"]
[Date "2013.07.02"]
[Round "3"]
[White "Karwowski, Kacper"]
[Black "Tselkovskiy, Kirill"]
[Result "1-0"]
[WhiteElo "1930"]
[BlackElo "2027"]
[PlyCount "133"]
[EventDate "2013.06.30"]
[EventType "swiss"]
[EventRounds "9"]
[EventCountry "POL"]
[SourceTitle "CBM 155 Extra"]
[Source "ChessBase"]
[SourceDate "2013.08.26"]
[SourceVersion "1"]
[SourceVersionDate "2013.08.26"]
[SourceQuality "1"]

1. e4 e5 2. Nf3 Nc6 3. Bb5 f5 4. Nc3 fxe4 5. Nxe4 Nf6 6. Qe2 d5 7. Neg5 e4 8. Ne5 Ng4 9. Nxc6 Qxg5 10. Nxa7+ Kd8 11. Nxc8 Kxc8 12. d3 e3 13. h3 Nxf2 14. Bxe3 Qh4 15. 0-0 Nxh3+ 16. gxh3 Qg3+ 17. Kh1 Qxh3+ 18. Qh2 Qxh2+ 19. Kxh2 c6 20. Rf7 Bd6+ 21. Kh3 cxb5 22. Bd4 Ra6 23. Rxg7 Rf8 24. Rxh7 Bb8 25. Rg1 Re6 26. Rh5 Re2 27. Rxd5 Rh2+ 28. Kg4 Rxc2 29. Rc5+ Rxc5 30. Bxc5 Rd8 31. Rc1 Kd7 32. Kf3 Bd6 33. d4 Rc8 34. Rd1 Bxc5 35. dxc5+ Kc6 36. b4 Ra8 37. Rd6+ Kc7 38. Rd2 Ra4 39. Rb2 Ra3+ 40. Ke4 Rh3 41. Rf2 Rh4+ 42. Rf4 Rh2 43. Rf7+ Kc6 44. Rf6+ Kc7 45. a3 Re2+ 46. Kd4 Ra2 47. Rb6 Rxa3 48. Rxb5 Rh3 49. Rb6 Rh4+ 50. Kc3 Rg4 51. Rh6 Rf4 52. Kb3 Rg4 53. Rh7+ Kc6 54. Ka4 Rf4 55. Ka5 Rf1 56. b5+ Kxc5 57. Rc7+ Kd6 58. Kb6 Rb1 59. Rxb7 Ra1 60. Rh7 Rb1 61. Rh2 Kd7 62. Rc2 Rd1 63. Kb7 Kd8 64. b6 Kd7 65. Kb8 Kd8 66. b7 Kd7 67. Ra2 1-0

[Event "St Petersburg Botvinnik Memorial op"]
[Site "St Petersburg"]
[Date "2012.09.01"]
[Round "8"]
[White "Tselkovskiy, Kirill"]
[Black "Kabanov, Nikolai"]
[Result "1/2-1/2"]
[WhiteElo "1991"]
[BlackElo "2501"]
[PlyCount "51"]
[EventDate "2012.08.25"]
[EventType "swiss"]
[EventRounds "9"]
[EventCountry "RUS"]
[SourceTitle "CBM 150 Extra"]
[Source "ChessBase"]
[SourceDate "2012.10.19"]
[SourceVersion "1"]
[SourceVersionDate "2012.10.19"]
[SourceQuality "1"]

1. e4 c5 2. Nf3 e6 3. d4 cxd4 4. Nxd4 Nf6 5. Nc3 Nc6 6. Ndb5 Bc5 7. Bf4 0-0 8. Bc7 Qe7 9. Bd6 Bxd6 10. Qxd6 Ne8 11. Qxe7 Nxe7 12. Nd4 b6 13. Bd3 Bb7 14. 0-0-0 Nf6 15. f3 Ng6 16. Rhe1 d6 17. g3 Rfd8 18. Bf1 Kf8 19. Rd2 Ke7 20. f4 Nf8 21. Bg2 Rd7 22. e5 dxe5 23. Bxb7 exd4 24. Bxa8 dxc3 25. Rxd7+ N8xd7 26. bxc3 1/2-1/2

[Event "St Petersburg Botvinnik Memorial op"]
[Site "St Petersburg"]
[Date "2012.08.30"]
[Round "6"]
[White "Tselkovskiy, Kirill"]
[Black "Barhudarian, Rafael"]
[Result "1/2-1/2"]
[WhiteElo "1991"]
[BlackElo "2320"]
[PlyCount "50"]
[EventDate "2012.08.25"]
[EventType "swiss"]
[EventRounds "9"]
[EventCountry "RUS"]
[SourceTitle "CBM 150 Extra"]
[Source "ChessBase"]
[SourceDate "2012.10.19"]
[SourceVersion "1"]
[SourceVersionDate "2012.10.19"]
[SourceQuality "1"]

1. e4 c5 2. Nf3 g6 3. d4 Bg7 4. dxc5 Qa5+ 5. c3 Qxc5 6. Na3 Nf6 7. e5 Ng4 8. Qd4 d6 9. Nb5 Na6 10. Bf4 0-0 11. Bc4 Be6 12. Bxe6 fxe6 13. Bg3 Rf5 14. 0-0-0 Nxe5 15. Nxe5 Bxe5 16. Bxe5 Rxe5 17. Rhe1 Rxe1 18. Rxe1 Kf7 19. b3 Rf8 20. f3 Rb8 21. a4 Ra8 22. Na3 Rb8 23. Nb5 Ra8 24. Na3 Rb8 25. Nb5 Ra8 1/2-1/2

[Event "St Petersburg Botvinnik Memorial op"]
[Site "St Petersburg"]
[Date "2012.08.26"]
[Round "2"]
[White "Tselkovskiy, Kirill"]
[Black "Bulatov, Ramil"]
[Result "0-1"]
[WhiteElo "1991"]
[BlackElo "2205"]
[PlyCount "76"]
[EventDate "2012.08.25"]
[EventType "swiss"]
[EventRounds "9"]
[EventCountry "RUS"]
[SourceTitle "CBM 150 Extra"]
[Source "ChessBase"]
[SourceDate "2012.10.19"]
[SourceVersion "1"]
[SourceVersionDate "2012.10.19"]
[SourceQuality "1"]

1. e4 e6 2. d4 d5 3. Nc3 Nf6 4. e5 Nfd7 5. Nf3 c5 6. dxc5 Nc6 7. Bf4 Bxc5 8. Bd3 f6 9. exf6 Qxf6 10. Bg3 0-0 11. 0-0 Nd4 12. Nxd4 Bxd4 13. Qd2 Nb6 14. Rad1 Bxc3 15. bxc3 Bd7 16. Rfe1 Bc6 17. Be5 Qf7 18. Re3 Nd7 19. Bd4 e5 20. Bxe5 Nxe5 21. Rxe5 Qf4 22. Qxf4 Rxf4 23. Be2 Ra4 24. Bf3 Rd8 25. Re7 Rxa2 26. c4 d4 27. Rde1 Rxc2 28. Kf1 Rf8 29. R7e2 Rxc4 30. Bxc6 bxc6 31. Ra2 d3 32. Rxa7 Rd8 33. Rd1 c5 34. Rc7 Rc2 35. Re1 c4 36. g4 d2 37. Rd1 Rc1 38. Ke2 c3 0-1

[Event "Lazy Baltic Pearl op 08th"]
[Site "Lazy"]
[Date "2012.07.06"]
[Round "7"]
[White "Kumala, Aleksander"]
[Black "Tselkovskiy, Kirill"]
[Result "1/2-1/2"]
[WhiteElo "1969"]
[BlackElo "1992"]
[PlyCount "26"]
[EventDate "2012.06.30"]
[EventType "swiss"]
[EventRounds "9"]
[EventCountry "POL"]
[SourceTitle "CBM 149 Extra"]
[Source "ChessBase"]
[SourceDate "2012.08.24"]
[SourceVersion "1"]
[SourceVersionDate "2012.08.24"]
[SourceQuality "1"]

1. e4 c5 2. Nf3 d6 3. c4 e5 4. d3 g6 5. Nc3 Bg7 6. Be2 Ne7 7. 0-0 0-0 8. Ne1 Nbc6 9. Nc2 Nd4 10. Nxd4 cxd4 11. Nd5 Nxd5 12. cxd5 f5 13. Bd2 Bd7 1/2-1/2

[Event "Lazy Baltic Pearl op 08th"]
[Site "Lazy"]
[Date "2012.07.03"]
[Round "4"]
[White "Tselkovskiy, Kirill"]
[Black "Szotkowski, Jakub"]
[Result "0-1"]
[WhiteElo "1992"]
[BlackElo "2063"]
[PlyCount "82"]
[EventDate "2012.06.30"]
[EventType "swiss"]
[EventRounds "9"]
[EventCountry "POL"]
[SourceTitle "CBM 149 Extra"]
[Source "ChessBase"]
[SourceDate "2012.08.24"]
[SourceVersion "1"]
[SourceVersionDate "2012.08.24"]
[SourceQuality "1"]

1. e4 c5 2. Nf3 e6 3. b4 cxb4 4. d4 d5 5. e5 Bd7 6. a3 Nc6 7. Bd3 Qb6 8. axb4 Nxb4 9. Be2 Bb5 10. c3 Bxe2 11. Qxe2 Nc6 12. Ba3 Bxa3 13. Nxa3 Nge7 14. 0-0 0-0 15. Rfb1 Qc7 16. Nb5 Qd7 17. Nd6 b6 18. c4 dxc4 19. Qxc4 Nd5 20. Rc1 Ncb4 21. Ra3 a5 22. Nd2 f5 23. Qe2 Kh8 24. Qh5 Nf4 25. Qf3 Nbd5 26. h4 g5 27. hxg5 Rg8 28. N2c4 Qa7 29. g3 Nh3+ 30. Kg2 Nxg5 31. Qh5 Raf8 32. Kh2 f4 33. g4 f3 34. Nd2 Rg6 35. Rh1 Nf4 36. Qh4 Ne2 37. N2e4 Nxe4 38. Nxe4 Qg7 39. Ng3 Rxg4 40. Qh3 Rff4 41. Nxe2 Rg2+ 0-1

[Event "Lazy Baltic Pearl op 08th"]
[Site "Lazy"]
[Date "2012.07.02"]
[Round "3"]
[White "Krainski, Slawomir"]
[Black "Tselkovskiy, Kirill"]
[Result "1/2-1/2"]
[WhiteElo "2125"]
[BlackElo "1992"]
[PlyCount "95"]
[EventDate "2012.06.30"]
[EventType "swiss"]
[EventRounds "9"]
[EventCountry "POL"]
[SourceTitle "CBM 149 Extra"]
[Source "ChessBase"]
[SourceDate "2012.08.24"]
[SourceVersion "1"]
[SourceVersionDate "2012.08.24"]
[SourceQuality "1"]

1. b3 e5 2. Bb2 Nc6 3. e3 Nf6 4. Bb5 Bd6 5. Ne2 a6 6. Bxc6 dxc6 7. d3 0-0 8. Nd2 Qe7 9. h3 Ba3 10. Bxa3 Qxa3 11. Ng3 Be6 12. 0-0 Rad8 13. e4 b5 14. Nf3 Nd7 15. Ng5 Nc5 16. f4 exf4 17. Rxf4 Qb2 18. Rf1 Qe5 19. Nf5 Bxf5 20. Rxf5 Qd4+ 21. Kh1 f6 22. Qg1 Nxb3 23. axb3 fxg5 24. Qxd4 Rxd4 25. Rxf8+ Kxf8 26. Rxa6 Rd6 27. e5 Re6 28. d4 Ke7 29. b4 Kd7 30. Kg1 g4 31. Ra3 gxh3 32. Rxh3 h6 33. Rg3 g5 34. Kf2 Re8 35. Ke3 Ra8 36. Ke4 Ra4 37. c3 Ke7 38. Rh3 Ra2 39. g4 Rf2 40. Rf3 Rxf3 41. Kxf3 Kf7 42. Ke3 Ke7 43. Kd3 Kf7 44. c4 Ke6 45. cxb5 cxb5 46. Ke4 c6 47. d5+ cxd5+ 48. Kd4 1/2-1/2

[Event "Lazy Baltic Pearl op 08th"]
[Site "Lazy"]
[Date "2012.06.30"]
[Round "1"]
[White "Licznerski, Lukasz"]
[Black "Tselkovskiy, Kirill"]
[Result "1-0"]
[WhiteElo "2269"]
[BlackElo "1992"]
[PlyCount "93"]
[EventDate "2012.06.30"]
[EventType "swiss"]
[EventRounds "9"]
[EventCountry "POL"]
[SourceTitle "CBM 149 Extra"]
[Source "ChessBase"]
[SourceDate "2012.08.24"]
[SourceVersion "1"]
[SourceVersionDate "2012.08.24"]
[SourceQuality "1"]

1. e4 c5 2. Nf3 d6 3. Bb5+ Nd7 4. 0-0 Ngf6 5. Re1 a6 6. Bf1 b6 7. d4 cxd4 8. Nxd4 Bb7 9. f3 e6 10. Nc3 Be7 11. Nb3 0-0 12. Be3 b5 13. Qd2 b4 14. Ne2 d5 15. exd5 Nxd5 16. Bd4 e5 17. Bf2 Bg5 18. Qd3 Qc7 19. c4 bxc3 20. Nxc3 Nxc3 21. Qxc3 Rfc8 22. Rad1 a5 23. Qxc7 Rxc7 24. Bb5 Nf8 25. Rxe5 Bf6 26. Re2 a4 27. Nd4 Bd5 28. Re8 Ra5 29. Bg3 Re7 30. Rb8 Ra8 31. Rxa8 Bxa8 32. Bxa4 g6 33. Bd6 Ra7 34. b3 Ra6 35. Bb4 Kg7 36. Nb5 Ne6 37. Bc3 Bc6 38. Bxf6+ Kxf6 39. Nc3 Ba8 40. Bb5 Ra7 41. Rd7 Rxd7 42. Bxd7 Ke5 43. Bxe6 fxe6 44. Kf2 Kd4 45. Ne4 h5 46. h4 Kd3 47. Nc5+ 1-0

[Event "Moscow op-E"]
[Site "Moscow"]
[Date "2011.01.30"]
[Round "2.198"]
[White "Tselkovskiy, Kirill"]
[Black "Bykov, Evgeny Mikhailovich"]
[Result "0-1"]
[WhiteElo "1829"]
[BlackElo "2049"]
[PlyCount "66"]
[EventDate "2011.01.29"]
[EventType "swiss"]
[EventRounds "9"]
[EventCountry "RUS"]
[SourceTitle "EXT 2022"]
[Source "ChessBase"]
[SourceDate "2021.10.06"]
[SourceVersion "1"]
[SourceVersionDate "2021.10.06"]
[SourceQuality "1"]

1. e4 e5 2. Nf3 Nc6 3. Bc4 Nf6 4. Ng5 d5 5. exd5 Na5 6. d3 h6 7. Nf3 e4 8. Qe2 Nxc4 9. dxc4 Bd6 10. Nd4 0-0 11. Be3 Ng4 12. Nc3 f5 13. g3 f4 14. gxf4 Bxf4 15. Bxf4 Rxf4 16. Nxe4 Nxf2 17. Nxf2 Rxd4 18. c3 Rf4 19. 0-0-0 Qg5 20. Kb1 Qg2 21. Rdf1 Bg4 22. Qe1 Raf8 23. Rhg1 Rxf2 24. Rxf2 Qxf2 25. Qxf2 Rxf2 26. Rxg4 Rxh2 27. c5 Rh5 28. c4 Re5 29. d6 cxd6 30. cxd6 Re8 31. c5 Rd8 32. b4 Kf7 33. b5 g5 0-1